000 01835cam a2200373 a 4500
001 16011978
003 OSt
005 20251128145825.0
008 091208s2010 ilu b 001 0 eng
010 _a 2009051489
020 _a9781433520716
_qtpb
020 _a9781433520723
_qhb
020 _a9781433520730
_qmobipocket
020 _a9781433520747
_qebk
035 _a16011978
040 _aDLC
_cDLC
050 0 0 _aBV4598.4
_b.P56 2010
082 0 0 _a230.01
_222
100 1 _aPiper, John,
_d1946-
245 1 0 _aThink :
_bthe life of the mind and the love of God /
_cJohn Piper.
260 _aWheaton, Ill. :
_bCrossway,
_c2010.
300 _a22 p. ;
_c22 cm.
336 _atext
_btxt
_2rdacontent
337 _aunmediated
_bn
_2rdamedia
338 _avolume
_bnc
_2rdacarrier
500 _aIncludes bibliographical references and indexes.
505 0 _aMy pilgrimage -- Deep help from a dead friend -- What do I mean by thinking? -- The place of thinking in coming to faith : mental adultery is no escape -- The place of thinking in coming to faith : rational gospel, spiritual light -- Treasuring God with all your mind -- Jesus meets the relativists -- Exposing relativism -- Unhelpful anti-intellectual impulses in our history -- You have hidden these things from the wise and understanding -- In the wisdom of God the world did not know God through wisdom -- The knowledge that loves -- All scholarship for the love of God and man.
650 0 _aThought and thinking
_xReligious aspects
_xChristianity.
650 0 _aLearning and scholarship
_xReligious aspects
_xChristianity.
906 _a7
_bcbc
_corignew
_d1
_eecip
_f20
_gy-gencatlg
942 _2lcc
_cBK
999 _c20790
_d20789